[Event "Olympiad-41"]
[Site "Tromsoe"]
[Date "2014.08.08"]
[Round "6.2"]
[White "Hansen, Eric"]
[Black "Smirin, Ilia"]
[Result "1-0"]
[WhiteElo "2593"]
[BlackElo "2656"]
[Annotator "Roiz,M"]
[PlyCount "65"]
[EventDate "2014.08.02"]
[EventType "team-swiss"]
[EventRounds "11"]
[EventCountry "NOR"]
[SourceTitle "CBM 162"]
[Source "ChessBase"]
[SourceDate "2014.09.17"]
[SourceVersion "1"]
[SourceVersionDate "2014.09.17"]
[SourceQuality "1"]
[WhiteTeam "Canada"]
[BlackTeam "Israel"]
[WhiteTeamCountry "CAN"]
[BlackTeamCountry "ISR"]

1. e4 c5 2. Nf3 e6 3. d4 cxd4 4. Nxd4 a6 5. c4 Nf6 6. Nc3 Bb4 7. Qd3 {A
considerable alternative to the main 7.Bd3. White is not only protecting the
Pe4, but also preparing to seize a lot of space by means of a2-a3 and b2-b4.}
d6 {This continuation is solid, but rather passive.} ({The alternatives are:} 
7... Nc6 8. Nxc6 dxc6 9. e5 {gives White a small but stable edge in the
endgame.}) (7... Qc7 8. a3 {doesn't promise Black full equality either:} Be7 (
8... Bxc3+ 9. Qxc3 Nxe4 $6 (9... O-O 10. f3 $14) 10. Nb5 axb5 11. Qxg7 Rf8 12.
Bh6 Qc5 13. f3 $16 {1-0 Nepomniachtchi,I (2730)-Svidler,P (2753)/Dubai UAE
2014 (31)}) 9. Be2 Nc6 10. O-O O-O (10... Nxd4 11. Qxd4 Bd6 12. Kh1 Be5 13. Qe3
O-O 14. Na4 $14 {1-0 Leko,P (2732)-Bologan,V (2681)/Beijing CHN 2012 (50)}) 11.
Kh1 Rd8 12. f4 $14) (7... d5 8. exd5 exd5 9. Be2 O-O 10. O-O Nc6 {is another
main way to meet White's plan, but it looks inferior after} 11. Nxd5 Nxd5 12.
cxd5 Qxd5 13. Nxc6 Qxc6 14. Be3 $14) 8. Nc2 Ba5 (8... Bxc3+ 9. Qxc3 O-O 10. f3
d5 11. e5 Nfd7 12. cxd5 exd5 13. Be3 Re8 14. f4 f6 15. e6 Rxe6 16. O-O-O $36)
9. b4 Bb6 {The most natural retreat, but now Black can hardly avoid the
exchange of his dark-squared bishop.} (9... Bc7 {looks a bit passive. In fact,
after} 10. Bb2 (10. Be2 $5) 10... O-O 11. Be2 Nbd7 12. O-O {which was seen in}
b6 {Negi,P (2615)-Andreikin,D (2650)/Biel 2010)} 13. f4 Bb7 14. Bf3 $14 {
Black is suffering from a lack from space.}) 10. Be2 {This position had been
seen only once before. A draw was agreed in Quesada-Smirin, but this time Ilya
had to continue...} Nc6 $146 11. Be3 Ne5 {This move is double-edged, since
White is going to push the knight away soon. On the other hand, that helps
Black to protect the Pd6.} ({The alternative is:} 11... O-O 12. Bxb6 (12. Rd1
$5 {looks promising too.}) 12... Qxb6 13. Qxd6 Rd8 14. Qg3 Nxb4 15. Nxb4 Qxb4
16. O-O $14) 12. Qd2 Bxe3 13. Nxe3 $14 {White is clearly better here due to a
space advantage and pressure along the d-file.} Qb6 ({Black would have a
passive position also after} 13... O-O 14. Rd1 Ne8 15. f4 Ng6 16. O-O Qc7 17.
a3 $14) 14. a3 a5 15. b5 $1 {Eric correctly deviates from forcing matters and
seizes even more space. The weakness of the c5-square doesn't compensate for
the drawbacks of Black's setup.} (15. c5 dxc5 16. bxc5 Qxc5 17. f4 Nc6 18. e5
Nd5 19. Nexd5 exd5 $11) 15... Ned7 {Ilya is spending a lot of time on
regrouping his pieces.} ({Worth attention is:} 15... O-O 16. Rd1 Ne8 17. f4 Nd7
18. Na4 Qc7 19. O-O b6 $14 {keeping a passive but solid position.}) 16. Rd1 Nc5
17. Bf3 Ke7 $6 {Playing with fire! In addition to the above-mentioned problems,
Ilya has to take care of his king now.} ({It was a right moment to give up a
pawn and get definite drawish chances in the following endgame:} 17... e5 $1
18. Qxd6 Qxd6 19. Rxd6 Be6 20. O-O Rd8 21. Rxd8+ Kxd8 $14) 18. g4 $1 {
Admitting the drawback of Smirin's last move. This energetic plan is the most
unpleasant for Black, since his q-side pieces are still not developed.} h6 19.
h4 $16 Qd8 $2 {A decisive mistake. Black cannot afford to spend one more tempo
in such a position.} ({The only way to continue the fight was:} 19... Kf8 20.
Qxd6+ (20. g5 hxg5 21. hxg5 Rxh1+ 22. Bxh1 Ne8 23. f4 Qc7 $14) 20... Qxd6 21.
Rxd6 Nfd7 22. Bg2 Ke7 23. Rd4 b6 24. e5 Bb7 25. Bxb7 Nxb7 $16) 20. g5 hxg5 ({Or
} 20... Ne8 21. e5 Kf8 22. exd6 hxg5 23. Ne4 Nxe4 24. Bxe4 Nf6 25. hxg5 Rxh1+
26. Bxh1 $18) 21. hxg5 Rxh1+ 22. Bxh1 Ne8 (22... Nh5 23. e5 Kf8 24. Nc2 $1 Kg8
25. Bf3 $18) 23. e5 $18 {White is just dominating now.} a4 {A desperate
attempt to get some space for the pieces.} (23... Kf8 24. f4 Rb8 25. exd6 b6
26. Qh2 Kg8 27. Ne4 $18) 24. Ke2 {Eric had several ways to win.} (24. Ng4 Qc7
25. exd6+ Nxd6 26. Qf4 Ne8 27. Ne5 $18) (24. f4 Nb3 25. Qd3 g6 26. Ng4 Qb6 27.
Kf1 Bd7 28. exd6+ Qxd6 29. Qe3 Qxa3 30. Nd5+ Kf8 31. Nb6 $18) 24... Kf8 25. f4
(25. Ng4 Nb3 26. Qf4 $18) 25... Bd7 26. Ne4 {Exchanging Black's most active
piece.} ({Nor is there is anything wrong with} 26. exd6 $18) 26... Nxe4 27.
Bxe4 d5 28. Rh1 {Black is helpless against the direct attack now.} (28. cxd5
Bxb5+ 29. Kf3 $18) 28... Qa5 (28... Kg8 29. cxd5 Bxb5+ 30. Kf3 $18) 29. Qd4 Rc8
30. Rh8+ Ke7 31. Bxd5 ({Or} 31. f5 $18) 31... b6 32. f5 exf5 33. g6 {[%cal
Gd4h4] The resignation comes in time.} 1-0

[Event "Wch U20 41st"]
[Site "Goa"]
[Date "2002.12.20"]
[Round "13"]
[White "Simutowe, Amon"]
[Black "Asauskas, Henrikas"]
[Result "1-0"]
[WhiteElo "2383"]
[BlackElo "2351"]
[Annotator "Simutowe,A"]
[PlyCount "61"]
[EventDate "2002.12.09"]
[EventType "swiss"]
[EventRounds "13"]
[EventCountry "IND"]
[SourceTitle "CBM 091 Extra"]
[Source "ChessBase"]
[SourceDate "2003.01.09"]
[SourceVersion "1"]
[SourceVersionDate "2003.01.09"]
[SourceQuality "1"]

1. Nf3 c5 2. c4 Nf6 3. Nc3 e6 {A similar position was reached though under
different moves in Simutowe-Carlson Athens 2001 and the game continued} (3...
b6 4. d4 cxd4 5. Nxd4 Bb7 6. f3 d6 7. e4 e6 8. Be3 a6 9. Qd2 Be7 10. Be2 O-O
11. O-O Nbd7 12. Rac1 Rc8 13. Rfd1 Qc7 14. Bf1 Qb8 15. b4 Rfe8 16. a3 Bd8 17.
Nb3 Bc7 18. g3 Ne5 19. Qf2 d5 20. cxd5 exd5 21. Nxd5 Bxd5 22. exd5 Neg4 23.
fxg4 Nxg4 24. Qf3 $1 Nxe3 (24... Rxe3 25. Qxg4 Rxb3 26. d6 Bxd6 27. Rxc8+) 25.
d6 $1 {Diagram #} Nxd1 26. d7 $1 Ne3 27. Bxa6 {Diagram #} Rcd8 28. dxe8=Q+ Rxe8
29. Bb5 Re7 30. Rc3 {Diagram #} g6 31. Rxe3 {1-0}) 4. d4 cxd4 5. Nxd4 a6 6. e4
d6 7. Be2 Qc7 8. O-O Nbd7 9. Be3 b6 10. f3 Bb7 11. Rc1 Rc8 12. Kh1 Be7 13. b4
O-O 14. a3 Qb8 15. Re1 Rc7 16. Bf1 Rfc8 17. Na4 Ba8 18. Qd2 Ne5 {Up to this
stage I had only used 25 minutes} 19. Nxb6 $1 {Diagram #} Qxb6 20. Nxe6 {
Diagram #} Qb7 21. Nxc7 Rxc7 22. c5 {The move that unsettles Black further as
this move does not allow him to consolidate.} (22. Red1 {Is also good}) 22...
Rd7 23. cxd6 Bxd6 24. Qc3 Nc6 25. Qc4 a5 26. f4 {Diagram #} Bf8 {Incase of} (
26... Ng4 {White still stands better after} 27. e5 Bf8 28. e6 Nxe3 (28... Re7
29. Bc5 Re8 (29... Rxe6 30. Rxe6 fxe6 31. Qxe6+) 30. exf7+ Qxf7 31. Rxe8) 29.
Qxc6 $1 Qxc6 30. Rxc6 Re7 (30... Rd8 31. Rc7 Nxf1 32. exf7+ Kh8 33. Re8) 31.
Rc8 Bb7 32. Rxf8+ Kxf8 33. Rxe3 axb4 34. axb4 Rxe6 35. Rxe6 fxe6 36. Bd3 {
with a better technical ending for White}) 27. bxa5 Na7 28. e5 Nd5 29. a6 Qb8
30. Bf2 Bxa3 31. Qa4 {Diagram # Resigns} 1-0

[Event "World Women-ch k.o."]
[Site "Teheran"]
[Date "2017.02.22"]
[Round "4.3"]
[White "Harika, Dronavalli"]
[Black "Dzagnidze, Nana"]
[Result "1-0"]
[WhiteElo "2539"]
[BlackElo "2525"]
[Annotator "Vijayalakshmi,S"]
[PlyCount "105"]
[EventDate "2017.02.11"]
[EventType "k.o."]
[EventRounds "7"]
[EventCountry "IRI"]
[SourceTitle "CBM 177"]
[Source "ChessBase"]
[SourceDate "2017.03.16"]
[SourceVersion "1"]
[SourceVersionDate "2017.03.16"]
[SourceQuality "1"]

{Harika! Harika! Harika all the way... After playing a not so good game with
the black pieces in the previous game, Harika came back pretty strongly in the
tiebreak. She kept her cool throughout and waited patiently for her opponent
Nana to go wrong. And Nana did go wrong with Ra8 and Harika lost no time
capitalising on it. Needless to say, with the amount of pressure every player
goes through at this stage, it was very essential to keep cool and play your
best and Harika did just that.} 1. e4 c5 2. Nf3 e6 3. d4 cxd4 4. Nxd4 a6 {
Sicilian Kan Variation} 5. c4 ({Although} 5. Bd3 {and}) (5. Nc3 {are the more
played variations, c4 is no less popular}) 5... Nf6 6. Nc3 Bb4 {Harika chooses
the slightly lesser known Qd3 instead of the more popular Bd3.} (6... Qc7 {
is possible too.}) 7. Qd3 ({Although} 7. Bd3 {is the most played here.}) ({
Svidler's latest game in this variation played last month looks very promising
} 7. Qf3) 7... Qc7 (7... Nc6) (7... d6) (7... d5) (7... O-O {have all been
tried at the highest level.}) 8. a3 Bxc3+ (8... Be7 {Although this is possible,
is definitely not in sync with the position} 9. Be2 $14) 9. Qxc3 O-O ({Of
course} 9... Nxe4 {leads to} 10. Nb5 axb5 11. Qxg7 Rf8 12. Bh6 Qc5 13. f3 $16)
10. Bd3 $142 (10. f3 d5 11. cxd5 Qxc3+ 12. bxc3 exd5 {leaves White with a very
minimal advantage.}) 10... d5 {Although d6 is more appropriate Nana chooses d5
which gives a slightly better endgame for White with the 2 bishops.} 11. cxd5
$6 (11. exd5 $1 {is preferable since after} exd5 12. O-O dxc4 (12... Nbd7 13.
Re1 Nc5 (13... Ne5 14. Bf4 Nf3+ 15. Nxf3 Qxf4 16. c5 $16 {and White plays
against the IQP and also has total control of the dark squares.})) 13. Qxc4
Qxc4 14. Bxc4 $14 {White retains a small but long lasting advantage.}) 11...
Qxc3+ 12. bxc3 exd5 13. e5 Ne4 14. Be3 (14. c4 {must be played here to
eliminate the weak pawn on c3.}) 14... Nd7 $11 15. f4 Ndc5 (15... Nxc3 $2 16.
Rc1 Na4 17. Nf5 $16) 16. Bc2 Nxc3 $6 (16... Bd7 $1 {is much stronger after
which Black's position is better} 17. Ne2 Rac8 $15) 17. Nb5 $5 (17. Rc1 $11)
17... Nxb5 (17... axb5 18. Bxc5 Rd8 19. Bb6 Re8 20. Bd4 Ne4 {and Black's
position is preferable, courtesy the beautiful knight placed on e4.}) 18. Bxc5
Re8 19. Kd2 Bd7 20. Rhc1 Bc6 21. Bb6 Rac8 22. Bf5 $14 {The bishop pair.} Ra8
23. a4 Na7 24. Bd4 g6 25. Bd3 Nc8 26. g4 Ne7 27. h3 $6 (27. f5 $1 $16 {and it
becomes pretty difficult to find the right moves and especially in Rapid Time
Control, its all the more in White's favour. I really liked the way Harika
played the last ten moves.}) 27... Rac8 28. Rab1 Bxa4 29. Rxc8 Rxc8 30. Rxb7
Nc6 31. Ke3 Bb5 32. f5 Nxd4 $2 (32... Bxd3 $1 33. Kxd3 gxf5 34. gxf5 Re8 35. e6
fxe6 36. fxe6 Nxd4 37. Kxd4 Rxe6 $15) 33. Kxd4 $14 Bxd3 34. Kxd3 gxf5 35. gxf5
h6 36. Kd4 $16 Ra8 $4 {Nana cracks in pressure and blunders with ...Ra8 and
Harika plays with absolute perfection to finish off the game in style.} (36...
Kf8 37. e6 fxe6 38. fxe6 Rc1 39. Ke5 d4 40. Kd6 Re1 41. Rb8+ Kg7 42. Rb3 $18) (
36... Rc1 37. Kxd5 Rd1+ 38. Kc6 $16) 37. e6 $1 fxe6 38. fxe6 a5 39. Ke5 a4 40.
Kf6 a3 41. Rg7+ Kh8 42. Rg1 Rf8+ 43. Ke7 Rg8 44. Ra1 Rg3 45. Kd7 Rxh3 46. e7
Re3 47. Rxa3 Re4 48. Ra6 Rxe7+ 49. Kxe7 Kg7 50. Rd6 h5 51. Rxd5 Kg6 52. Ke6 h4
53. Ra5 {A fantastic and crucial win by Harika. Indian flag flying high yet
again...} 1-0